000 00883cam a2200265 i 4500
001 1123623
003 ARRUPE
005 20161128105240.0
008 780414s1906 fr ac 000 0 fre d
035 _a(OCoLC)ocm03802762
040 _aIAL
_cIAL
_dm.c.
_dm/c
_dOCL
_dEIS
_dOCL
_dZCU
082 _a122
099 _a189T36
_aDR3
100 1 _aRegnon, Theodore de,
_d1831-1893.
_927552
245 1 3 _aLa metaphysique des causes d'apres Saint Thomas et Albert le Grand /
_cby Theodore de Regnon ; with a preface by M. Gaston Sortais.
250 _a2d ed.
260 _aParis :
_bVictor Retaux,
_c1906.
300 _a663 p. :
_bill., port. ;
_c23 cm.
600 0 0 _aThomas,
_cAquinas, Saint,
_d1225?-1274.
_927553
600 0 0 _aAlbertus,
_cMagnus, Saint,
_d1193?-1280.
_927554
650 0 _aMetaphysics.
_927555
650 0 _aCausation.
_927556
942 _2lcc
_cMONOGRAPH
999 _c125759
_d125759